000
00321 a2200157 4500
001
172015
020
_a
040
_c
Magnum
100
_a
Botelho, Mariza Andrade Maia
240
1
0
_a
O caraoco
_l
por
245
1
0
_a
O caraoco
300
_a
63
362
0
_a
1991
697
_a
LITERATURA INFANTO-JUVENIL
942
_c
BK
999
_c
172015
_d
172015